000 00290nam a22001217a 4500
008 170824b xxu||||| |||| 00| 0 eng d
041 _aeng
080 _26TH
_a51
100 _a38
101 _aMAT
245 _aA GRAPHICAL APPROACH TO PRECALCULUS WITH LIMITS
_cHORNSBY,J
942 _2udc
_cBK
999 _c24948
_d24948